Logo BPK

Bibliografia Prac Pracowników

Politechniki Koszalińskiej

Modelowanie powierzchni obrobionej dla ostrzy typu Wiper w procesie frezowania / (Rekord nr 6124)

Szczegóły MARC
000 -ETYKIETA REKORDU
podpole kontrolne o stałej długości 01047naa a2200217 i 4500
001 - NUMER KONTROLNY REKORDU
podpole kontrolne BPP
003 - IDENTYFIKATOR NUMERU KONTROLNEGO REKORDU
podpole kontrolne BPK
005 - DATA OSTATNIEJ MODYFIKACJI REKORDU
podpole kontrolne 20140527144811.0
008 - POLE O STAŁEJ DŁUGOŚCI - DANE KONTROLNE
podpole kontrolne o stałej długości 140527s2010 pl f |000 0 pol
040 ## - ŹRÓDŁO KATALOGOWANIA
Instytucja, która utworzyła rekord BPK
084 ## - NUMER INNEJ KLASYFIKACJI
Numer klasyfikacji 621.9
100 ## - NAZWA OSOBOWA
Nazwa osobowa ŻURAWSKI, Łukasz.
Lata pracy 2007 - .
Instytucja Politechnika Koszalińska - Wydział Mechaniczny,
Wydział Zakład Zarządzania i Marketingu w Budowie i Eksploatacji Maszyn
245 ## - TYTUŁ/ODPOWIEDZIALNOŚĆ
Tytuł Modelowanie powierzchni obrobionej dla ostrzy typu Wiper w procesie frezowania /
Pozostałe elementy strefy tytułu i oznaczenia odpowiedzialności Łukasz Żurawski, Tomasz Pałka.
260 ## - STREFA ADRESU WYDAWNICZEGO
Data publikacji, dystrybucji/powstania dokumentu 2010.
500 ## - UWAGI OGÓLNE
Tekst uwagi Dane z autopsji.
520 ## - UWAGA DOTYCZĄCA TREŚCI DOKUMENTU
Analiza dokumentacyjna, adnotacja itp. Celem artykułu było opracowanie modelu odwzorowania, który umożliwiał opis nieusuwalnej części warstwy materiału dla frezowania walcowo-czołowego z płytkami wymiennymi typu Wiper.
650 #0 - HASŁO PRZEDMIOTOWE W FORMIE NAZWY OGÓLNEJ LUB JEDNOSTKOWEJ
Nazwa ogólna lub geograficzna Powierzchnia.
650 #0 - HASŁO PRZEDMIOTOWE W FORMIE NAZWY OGÓLNEJ LUB JEDNOSTKOWEJ
Nazwa ogólna lub geograficzna Frezowanie.
773 ## - TYTUŁ DOKUMENTU MACIERZYSTEGO
Wyrażenie wprowadzające W :
Tytuł Obróbka skrawaniem. Współczesne problemy / pod red. Bogdana Kruszyńskiego. -
Adres wydawniczy Łódź : Agencja "MAGA", 2010. -
Informacje dotyczące relacji s. 377-388
Strefa serii Szkoła Obróbki Skrawaniem ; 4
942 ## - HASŁO DODATKOWE - ELEMENTY(KOHA)
Typ dokumentu Artykuł
Schemat klasyfikacji Uniwersalna klasyfikacja dziesiętna

Brak dostępnych egzemplarzy.

© 2014 Biblioteka Politechniki Koszalińskiej :: BIBLIOGRAFIA PRAC PRACOWNIKÓW